Text Book of Pharmacognosy (Record no. 13275)

MARC details
000 -LEADER
fixed length control field 00443nam a22001817a 4500
003 - CONTROL NUMBER IDENTIFIER
control field OSt
008 - FIXED-LENGTH DATA ELEMENTS--GENERAL INFORMATION
fixed length control field 250411b |||||||| |||| 00| 0 eng d
020 ## - INTERNATIONAL STANDARD BOOK NUMBER
International Standard Book Number 9789391208837
082 ## - DEWEY DECIMAL CLASSIFICATION NUMBER
Classification number 615.321 DOT
100 ## - MAIN ENTRY--PERSONAL NAME
Personal name Dohare, Sneh lata
245 ## - TITLE STATEMENT
Title Text Book of Pharmacognosy
260 ## - PUBLICATION, DISTRIBUTION, ETC. (IMPRINT)
Place of publication, distribution, etc N.Delhi
Name of publisher, distributor, etc IP Innvative Pub.
Date of publication, distribution, etc 2023
300 ## - PHYSICAL DESCRIPTION
Extent xi,145
650 ## - SUBJECT ADDED ENTRY--TOPICAL TERM
Topical term or geographic name as entry element Pharmacognosy
700 ## - ADDED ENTRY--PERSONAL NAME
Personal name Mathur, Riya
700 ## - ADDED ENTRY--PERSONAL NAME
Personal name Uddin, Rehan
942 ## - ADDED ENTRY ELEMENTS (KOHA)
Source of classification or shelving scheme Dewey Decimal Classification
Koha item type Text Books
Holdings
Withdrawn status Lost status Source of classification or shelving scheme Damaged status Not for loan Collection code Home library Current library Date acquired Source of acquisition Currency Cost, normal purchase price Bill Number Total Checkouts Full call number Acc. no. / Barcode Date last seen Actual Cost, discounted price Bill Date Koha item type
    Dewey Decimal Classification     B.Pharma PIET C-LIBRARY PIET C-LIBRARY 04/04/2025 Zafaa Books Distributres Rs 425.00 ZBDO006   615.321 DOT BP2718 11/04/2025 318.75 04/04/2025 Reference Books
    Dewey Decimal Classification     B.Pharma PIET C-LIBRARY PIET C-LIBRARY 04/04/2025 Zafaa Books Distributres Rs 425.00 ZBDO006   615.321 DOT BP2719 11/04/2025 318.75 04/04/2025 Text Books
    Dewey Decimal Classification     B.Pharma PIET C-LIBRARY PIET C-LIBRARY 04/04/2025 Zafaa Books Distributres Rs 425.00 ZBDO006   615.321 DOT BP2720 11/04/2025 318.75 04/04/2025 Text Books

Design & Developed by: PIET Central Library
R70 Miles Stone Pattikalyana Samalkha Panipat 132102
mail ID :- [email protected], Phone No:- 0180-2569700 Ex.216